000 00485nam a22001697a 4500
005 20231107103021.0
008 231107b |||||||| |||| 00| 0 eng d
020 _a0409050415
041 _aEnglish
082 _a346.43 RAU
100 _aRaubenheimer, J
_lEnglish
245 _aWaardasiereg /
_cJ Raubenheimer
260 _aDurban :
_bButterworths,
_c1988
300 _bxii, 164 pages ;
_c25 cm.
650 _aLegal practice
_bLaw
942 _cBK
_6ALISON_BN_VRIES
999 _c364
_d364